Statistics for Σημαίες χωρών που αρχίζουν με Τ

Click here to take the quiz!

General Stats

  • This quiz has been taken 14 times
  • The average score is 11 of 15

Answer Stats

Answer% Correct
Τουρκία
100%
Τσεχία
91%
Τατζικιστάν
91%
Τουρκμενιστάν
91%
Ταϊλάνδη
82%
Ταϊβάν
82%
Τουβαλού
82%
Τόγκο
73%
Τζαμάικα
73%
Τανζανία
64%
Τσαντ
64%
Τυνησία
64%
Τόνγκα
64%
Τζιμπουτί
55%
Τρινιδάδ και Τομπάγκο
36%

Score Distribution

Percentile by Number Answered

Percent of People with Each Score

Your Score History

You have not taken this quiz